000 00355nmm a2200145 a 4500
003 AR-BaBNM
005 20251128203140.0
008 063119s1937 ||||||||||||||000 | spa||
040 _cAR-BaBNM
100 1 _aValbuena Prat, Angel
245 1 0 _aHistoria de la literatura espaƱola
_n1
260 _a[S.l.]
_bG. Gili
_c1937
942 _cBK
998 _cJacobzon
999 _c2137
_d2137